[Event "Corus Chess À 2008"]
[Site "Wijk aan Zee"]
[Date "2008.01.13"]
[Round "2"]
[White "Topalov, Veselin"]
[Black "Ivanchuk, Vassily"]
[Result "1/2-1/2"]
[WhiteElo "2780"]
[BlackElo "2751"]
[Annotator "Âèðøè÷ Âàñèëèé"]
[PlyCount "71"]
[EventDate "2008.01.13"]

1. d4 Nf6 2. c4 e6 3. Nc3 c5 4. d5 exd5 5. cxd5 d6 6. e4 g6 {
Ìîäåðí-Áåíîíè. Ñëåäñòâèå àãðåññèâíîãî íàñòðîÿ Âàñèëèÿ?} 7. h3 Bg7 8. Nf3 a6 ({
Ðàíåå Èâàí÷óê ïðåäïî÷èòàë ñíà÷àëà ðîêèðîâàòü} 8... O-O 9. Bd3 a6 10. O-O ({
Ýòà ïîçèöèÿ âñòðå÷àëàñü è ó Âåñåëèíà. Ñ íèì èñïûòûâàëè} 10. a4 Re8 11. O-O c4
12. Bc2 Nbd7 13. Be3 Qc7 14. Qe2 Rb8 15. Ba7 Ra8 16. Be3 Rb8 17. a5 b5 18. axb6
Nxb6 19. Rfc1 Nbd7 20. Nd2 Rb4 21. Ra4 a5 22. Nxc4 Ba6 23. Bd3 Bxc4 24. Bxc4
Nxe4 25. Rxb4 axb4 26. Nxe4 Rxe4 27. Qd3 Rxe3 28. Qxe3 Bxb2 29. Rc2 Bc3 30. Bb5
Nf6 31. Ra2 Qc8 32. Bc6 Qf5 33. Ra8+ Kg7 34. Qe7 Ne4 35. Qf8+ Kf6 36. Qd8+ Kg7
37. Qf8+ Kf6 38. Qd8+ {
1/2-1/2 Shirov,A (2710)-Topalov,V (2740)/Wijk aan Zee 1998/CBM 063/[Stohl]})
10... Nbd7 11. Re1 b5 12. a3 c4 13. Bc2 Nc5 14. Bf4 Bb7 15. Qd2 Qb6 16. Bh6
Rfe8 17. Bxg7 Kxg7 18. Qd4 Ncd7 19. Qxb6 Nxb6 20. Nd4 Nfd7 21. Re3 Nc5 22. Rae1
Re7 {
1/2-1/2 Miton,K (2636)-Ivanchuk,V (2748)/Skanderborg 2005/CBM 110/[Marin,M]})
9. a4 Nbd7 10. Be3 O-O 11. Be2 Qe7 $146 {Äî ýòîãî èñïûòûâàëè:} (11... b6 12.
O-O Qe7 13. Nd2 Ne8 14. Re1 Rb8 15. Bf1 Nc7 16. Qc2 g5 {è òåïåðü} 17. Nc4 {
äàâàëî áåëûì íåáîëüøîé ïåðåâåñ. 1/2-1/2 Taimanov,M-Suetin,A/Budva 1967}) (
11... Rb8 12. Qc2 Ne8 13. O-O Ne5 14. Nxe5 Bxe5 15. Rad1 f5 16. f4 Bg7 17. e5
$1 dxe5 18. d6 $5 Be6 19. Bxc5 Rc8 20. Ba3 Rf7 21. Qd2 exf4 22. Qxf4 Nf6 23.
Rfe1 Rd7 24. Bf1 Bf7 25. Re7 {è â äàëüíåéøåì áåëûå ïîáåäèëè 1-0 Kock,H (2345)
-Nemet,I (2395)/Liechtenstein 1992/EXT 1999 (45)}) 12. Nd2 Ne8 13. Nc4 Rb8 14.
O-O Ne5 ({Ãëàâíîå íå áàëîâàòüñÿ} 14... b5 $2 {èáî ìîæíî ïîëó÷èòü} 15. Na5 $1
$16) 15. Nb6 Nd7 16. Nxc8 Rxc8 17. Re1 Nef6 18. Bg5 Rfe8 19. Bf1 h6 20. Bd2 c4
21. a5 Nc5 22. e5 ({Íå ãîäèòñÿ} 22. Bxc4 {ñ ôîðñèðîâàííûì} Nfxe4 23. Nxe4 Nxe4
24. Bd3 f5 ({Íî íå àêòèâíîå ñ âèäó} 24... Qh4 {èç-çà} 25. g3 Nxg3 26. Qg4 $1)
25. Bxe4 fxe4 26. Ra4 Qf7 {ñ ïðåêðàñíîé èãðîé ó ÷åðíûõ}) 22... dxe5 23. Bxc4
Red8 {Îñâîáîæäàÿ êîíþ äîðîãó íà d6} 24. Rc1 Ne8 25. Bf1 Nd6 26. b4 Nd7 27. b5
axb5 28. Nxb5 Rxc1 29. Qxc1 Nxb5 30. Bxb5 Nf6 31. Qb2 ({Òîëüêî íå} 31. Bxh6
Bxh6 32. Qxh6 Qb4 $19) 31... Nxd5 {Ñîõðàíèòü ëèøíþþ ïåøêó ÷åðíûå íå ìîãóò.}
32. Qb3 Qd6 33. Bc4 Rd7 34. Bb5 Rd8 35. Bc4 Rd7 36. Bb5 1/2-1/2

[Event "Corus Chess À 2008"]
[Site "Wijk aan Zee"]
[Date "2008.01.13"]
[Round "2"]
[White "Gelfand, Boris"]
[Black "Aronian, Levon"]
[Result "0-1"]
[WhiteElo "2737"]
[BlackElo "2739"]
[Annotator "Ëåáåäåâ Âàñèëèé"]
[PlyCount "60"]
[EventDate "2008.01.13"]

1. d4 d5 2. c4 c6 3. Nf3 Nf6 4. e3 a6 {
Íó-ñ, ÷òî òàì ó íàñ íîâåíüêîãî â âàðèàíòå ×åáàíåíêî?} 5. Nc3 b5 6. c5 Nbd7 7.
Bd3 {Ïîñëå ýòî ïàðòèè ìíå ýòîò õîä «ïî÷åìó-òî» ðàçîíðàâèëñÿ.} (7. b4 $145 {
, è âîò ïîñëåäíÿÿ ïàðòèÿ íà ýòó òåìó:} a5 8. bxa5 Qxa5 9. Bd2 b4 10. Ne2 Ne4
11. Nc1 g6 12. Rb1 Nxd2 13. Qxd2 Bg7 14. Rxb4 e5 15. a4 O-O 16. Nb3 Qc7 17.
dxe5 Nxe5 18. Nxe5 Qxe5 19. Bd3 Qc3 20. a5 f5 21. g3 Re8 22. Rb6 Bd7 23. a6 f4
24. gxf4 Qf6 25. O-O g5 26. fxg5 Qxg5+ 27. Kh1 Qh5 28. Qe2 Bg4 29. f3 Bh3 30.
Rg1 Kh8 31. Rb7 Rg8 32. f4 Qh6 33. Rg5 Qe6 34. Qh5 h6 35. Rg6 Rxa6 36. Rxh6+ {
(1-0 Grigoryan,A (2489) - Pashikian,A (2534)/Yerevan ARM 2007).}) 7... e5 $1 {
Ñóäÿ ïî âñåìó ÷¸ðíûå ïîäãîòîâèëè ê ýòîé ïàðòèè íå÷òî êîíêðåòíîå, è èìåííî
«ïîä Ãåëüôàíäà»} 8. Nxe5 (8. dxe5 Ng4 $132 {, ïðè÷¸ì ó ÷¸ðíûõ îñòàëñÿ
öåëûé òàáóí ëîøàäåé, ÷òî â òàêîé çàêðûòîé ïîçèöèè ëèøíèé ïëþñèê.}) 8... Nxe5
9. dxe5 Ng4 10. f4 ({Åñëè} 10. Be2 {, òî} Nxe5 11. Qd4 $140 Nd7 $1 {È åñëè} 12.
b4 {, òî} Be7 $1 ({õóæå} 12... a5 {ââèäó} 13. Nxb5 $5 cxb5 14. Qxd5 Rb8 15. Bb2
$44) 13. a4 $140 (13. Qxg7 $4 Bf6 $19) 13... Bf6 14. Qd2 (14. Qd3 Nxc5 $1)
14... a5 $1 {, è ó ÷¸ðíûõ óæ íèêàê íå õóæå!}) 10... Bxc5 {
Íà÷èíàÿ «öåïëÿíèå» ê ïåøêå å3.} 11. Qf3 Qb6 12. Ke2 ({Ðîáåðò Õþáíåð,
êîììåíòèðóÿ îäíó èç ïàðòèÿ Áîðèñà Ãåëüôàíäà, â êîòîðîé âïåðâûå âñòðåòèëñÿ õîä
12. Ke2 ñîâåòîâàë} 12. Nd1 {Íà íåäàâíåì Êóáêå Ìèðà ýòà ðåêîìåíäàöèÿ áûëà
èñïîëüçîâàíà. È âîò, ÷òî èç ýòîãî ïîëó÷èëîñü:} Nh6 (12... O-O $5 {
ñ èäååé íåìåäëåííîãî f7-f6}) 13. f5 Qc7 14. Bd2 O-O ({
íå òàê ïëîõî, êàê ýòî êàæåòñÿ íà ïåðâûé âçãëÿä è} 14... Qxe5 $5 15. Bc3 Qd6 16.
Bxg7 Rg8 17. f6 Bb4+ 18. Kf1 Ng4 19. h3 $140 Ne5 20. Qh5 $2 Nxd3 21. Qxh7 Qg3
$1 $19) {
È â äàëüíåéøåé, «ðàïèäíîé» áîðüáå ÷¸ðíûå ñâåîãî ñîïåðíèêà ïåðåèãðàëè:} 15.
Rc1 Bb6 16. f6 Re8 17. Qg3 Ng4 18. Nf2 Qxe5 19. Nxg4 Bxg4 20. Rxc6 Bxe3 21.
Qxg4 g6 22. Kd1 Bxd2 23. Kxd2 Qxb2+ 24. Bc2 h5 25. Qf4 Rac8 26. Rxc8 Rxc8 27.
Rc1 Rc4 28. Qg5 Rd4+ 29. Ke2 Rg4 30. Qe3 Re4 {0-1 Bacrot,E (2695)-Karjakin,S
(2694)/Khanty-Mansiysk RUS 2007/The Week in Chess 682}) 12... Nh6 ({Ïëîõî} 
12... Nxe3 {, íà ÷òî ïîñëåäîâàëî áû} 13. Bxe3 Bxe3 {È òåïåðü} 14. Nxd5 $1 ({
õóæå} 14. Qxe3 Bg4+ 15. Kd2 d4 16. Qg3 dxc3+ 17. bxc3 $13) 14... cxd5 15. Qxe3
$14 {(Õþáíåð)}) 13. h3 ({Ñëàáî} 13. f5 $2 {ââèäó} Qc7 $1 14. Qf4 $140 f6 $1
15. e6 Qxf4 16. exf4 g6 $15 {(Õþáíåð)}) 13... Nf5 $146 {
Êîíü óñïåâàåò ïåðåáðàòüñÿ ñ îêðàèíû íà ò¸ïëîå ìåñòå÷êî â öåíòð} ({
Â ïàðòèè-ïðåäøåñòâåííèöå ÷¸ðíûå ïðîìåäëèëè -} 13... a5 $6 {
è òåïåðü íàâåðíîå, ëó÷øå âñåãî áûëî ñûãðàòü îñòðî} 14. g4 $5 ({èëè} 14. e4 $5
d4 15. Nd1) ({à â óïîìÿíóòîé ïàðòèè, ïîñëå âçàèìíûõ íåòî÷íîñòåé, Áîðèñ
Ãåëüôàíä, â êîíöå êîíöîâ, ïðàçäíîâàë ïîáåäó:} 14. Bd2 Ba6 15. Kf2 Be7 16. Rhd1
O-O 17. Kg1 f6 18. exf6 Bxf6 19. Kh2 b4 20. Na4 Qa7 21. e4 Bb5 22. Bxb5 cxb5
23. e5 Rad8 24. exf6 Rxf6 25. Be1 Nf7 26. Bf2 d4 27. Bxd4 Rxd4 28. Qe3 Qb8 29.
Rxd4 bxa4 30. Re1 Nd6 31. Qe5 {
- 1-0 Gelfand,B (2724)-Sokolov,I (2691)/Merida 2005})) (13... O-O $5 {(Õþáíåð)
}) ({À âîò íà} 13... Be7 $5 {(Ãåëüôàíä) ñèëüíî} 14. f5 $1 f6 $140 15. e4 $1)
14. g4 Ne7 (14... Nh4 $5) 15. Bd2 O-O 16. Rac1 $6 {Ïîõîæå, ÷òî íåòî÷íîñòü,
âñëåäñòâèå êîòîðîé ÷¸ðíûå ïåðåõâàòûâàþò èíèöèàòèâó...} ({
Íàâåðíîå, ñëåäîâàëî ñûãðàòü çäåñü «âíåçàïíî». À èìåííî -} 16. a4 $5 {
ñî ñëåäóþùèìè èäåÿìè} Rb8 ({èëè} 16... b4 17. a5 Qb7 18. Na4 Ba7 19. Rhc1 $14)
({íî} 16... Bb7 $5) 17. axb5 axb5 18. f5 $36) ({Íåïëîõî ñìîòðèòñÿ è} 16. f5 $5)
16... f6 $1 17. exf6 Rxf6 18. e4 {Ãëàâíûé íåäîñòàòîê ýòîãî õîäà â òîì, ÷òî íà
ïåøêó, âñòàâøóþ íà å4, ÷¸ðíûå ìîãóò ïðîñòî íå îáðàùàòü íèêàêîãî âíèìàíèÿ.}
Bd4 ({Íå íàäî èãðàòü íè} 18... d4 19. e5 dxc3 20. exf6 cxd2 21. Rxc5 $1 Qxc5
22. fxe7 Be6 $140 23. Qe3 $1 $14) ({Íè (òåì áîëåå!)} 18... dxe4 19. Nxe4 Re6
20. Kd1 $1 $16 {(} Bd4 21. f5 Re5 22. f6 {è ò.ä.)}) ({À âîò} 18... Be6 $5 {
òðåáóåò ðàññìîòðåíèÿ:} 19. e5 Rf7 {çàðàíåå ïðèêðûâàÿ ïîëå g7, íî íå òîëüêî...)}
20. f5 $140 (20. Qg3 $5) 20... Bd4 $1 21. Bf4 Raf8 $36) 19. exd5 ({Ïðåäûäóùèé
õîä ÷¸ðíûõ ñîäåðæàë â ñåáå îäíó ïðîñòóþ (íî âåñüìà íåïðèÿòíóþ äëÿ ñîïåðíèêà)
èäåþ -} 19. e5 $2 Bxe5) 19... cxd5 20. Kd1 {Êîðîëü â öåíòðå - æäè áåäû...} ({
Íåëüçÿ, êîíå÷íî, áûëî èãðàòü} 20. Nxd5 $2 {ââèäó ïðîìåæóòî÷íîãî øàõà} Re6+ {
È äàëåå:} 21. Kd1 Nxd5 22. Qxd5 ({èëè} 22. Rxc8+ Rxc8 23. Qxd5 Rd8 24. Qb3 Kh8
$19) 22... Bb7 23. Qb3 Bxh1 24. f5 {Êàê áû îòûãðûâàÿ ëàäüþ íà ñâÿçêå, íî...}
Bxb2 $1 {ñ èäååé} 25. Rb1 ({èëè} 25. Qxe6+ Qxe6 26. fxe6 Bxc1 $19) 25... Bf3+ {
óâåðåííî ïðèâîäèò áåëûõ ê êðàõó:} 26. Kc2 Qc5+ 27. Kxb2 Bd5 $1 {
, è ìîæíî óæå ñäàâàòüñÿ}) 20... Rf7 21. Re1 ({È âíîâü íåëüçÿ} 21. Nxd5 {ââèäó}
Nxd5 22. Be4 ({ñîâñåì ñëàáî} 22. Qxd5 {èç-çà} Bb7 23. Bxh7+ Kxh7 24. Qxf7 Bxh1
$19 {Âåäü, ðàçóìååòñÿ, íèêàêîãî âå÷íîãî øàõà çäåñü íåò:} 25. Qf5+ Kg8 26. Rc8+
Rxc8 27. Qxc8+ Kh7 28. Qf5+ Qg6 {è ò.ä. À ôèãóðà ëèøíÿÿ åñòü!}) 22... Be6 23.
Bxd5 Rd8 24. Bxe6 Qxe6 25. Qb3 Qxb3+ 26. axb3 Be3 27. Rc2 Rxf4 28. Rh2 Rb4 {
, è åñòü ïîäîçðåíèå, ÷òî ìàòåðèàëüíîå ðàâåíñòâî òóò îòíþäü íå âñåðü¸ç è
âåñüìà íåíàäîëãî. Ê ïðèìåðó,} 29. Rc3 Bf4 30. Re2 Rbd4 31. Rc2 Rd3 $1 32. Ke1
Bg3+ $1 33. Kf1 Bb8 $1 {è ò.ä.}) 21... Bb7 22. Qe2 ({Òàêîãî êîðîëÿ-ãóëÿêó âñ¸
âðåìÿ õî÷åòñÿ «óïðÿòàòü» ïîäàëüøå. Ìîæåò, ñåé÷àñ èìåííî òàêîé ìîìåíò è
íàñòóïèë? Èçáðàëè áû áåëûå, ê ïðèìåðó, çäåñü} 22. Kc2 $5 Ng6 $140 23. Bxg6 $1 (
{õóæå} 23. Kb1 {ââèäó} Ne5 24. Qe2 Nc4 $36) 23... hxg6 24. Kb1 {
, ãëÿäèøü, è íå áûëà áû ñûãðàíà ìèíèàòþðà...}) 22... Ng6 23. Bxg6 (23. Bf5 Re7
) (23. f5 Re7) 23... hxg6 (23... Qxg6 $5 24. Qe6 $140 Qd3 $1) 24. Qe6 Rd8 $1 {
Ãîòîâÿ èç ñîáñòâåííîãî «èçîëÿòîðà» - òåðìèíàòîðà, òî åñòü ñîêðóøèòåëÿ
ïîçèöèè ïðîòèâíèêà.} 25. Qxb6 Bxb6 26. Re6 Ba7 27. Ne2 ({
Îêàçûâàåòñÿ, áèòü ïåøêó -} 27. Rxg6 {íå ðåêîìåíäóåòñÿ ââèäó} d4 28. Nb1 ({
åäèíñòâåííîå; ñðàçó ïðîèãðûâàåò} 28. Ne2 Bf3 29. Ke1 ({èëè} 29. Re6 d3 $19)
29... Re8 $19) 28... d3 ({âåñüìà íåïëîõî è} 28... Re8 $5 29. Rc2 Bf3+ 30. Kc1
Bb8 $1 {è ò.ä.}) 29. f5 Bf3+ 30. Ke1 Re8+ 31. Re6 Rxe6+ 32. fxe6 Rf6 33. Bg5
Rxe6+ 34. Kd2 Bg2 {è ò.ä.}) 27... d4 28. Ng3 d3 {
Ïîçèöèÿ áåëûõ, ðàçóìååòñÿ, íå ñàõàð, íî åù¸ è íå ñîâñåì õèíèí.} 29. Rxg6 $4 {
À âîò òåïåðü - âñ¸. Ïðèïëûëè!} ({Ïîñëå} 29. Ba5 {
åùå ìîæíî áûëî ñîïðîòèâëÿòüñÿ -} Rdd7 30. Re8+ Rf8 (30... Kh7 $6 31. Ne4 $1)
31. Rxf8+ Kxf8 32. Rc7 {è ò.ä. Òåïåðü æå - âñ¸. Ôèíèòà!}) 29... Bf2 $19 30. Ba5
(30. Nf5 Bf3#) 30... Bxg3 ({È ââèäó} 30... Bxg3 31. Bxd8 Bf3+ 32. Kd2 Bxf4+ 33.
Kc3 Bxc1 {áåëûå ñäàëèñü.}) 0-1

[Event "Corus Chess Ñ 2008"]
[Site "Wijk aan Zee"]
[Date "2008.01.13"]
[Round "2"]
[White "Caruana, Fabiano"]
[Black "Van Der Werf, Mark"]
[Result "1-0"]
[WhiteElo "2598"]
[BlackElo "2389"]
[Annotator "Ëåáåäåâ Âàñèëèé"]
[PlyCount "53"]
[EventDate "2008.01.13"]

{Êàê áîðîòüñÿ ñ íîâèíêàìè? Ëó÷øèé (ÈÌÕÎ) ñïîñîá - èõ ïðåäâîñõèùàòü. Òî åñòü
ãîòîâèòüñÿ ê íèì çàðàíåå, â äîìàøíåé òèøè, íàðóøàåìîé òîëüêî øóðøàíèåì
ïðîöåññîðîâ ñâîåãî «êîìïà». È òîãäà ïîëó÷èòñÿ òàê, êàê ó ìîëîäîãî èòàëüÿíöà
â ñëåäóþùåé ïàðòèè..} 1. e4 e5 2. Nf3 Nc6 3. Bb5 a6 4. Ba4 Nf6 5. d3 b5 6. Bb3
Be7 7. O-O d6 8. c3 O-O 9. Re1 Na5 10. Bc2 c5 11. Nbd2 Re8 12. Nf1 g6 13. Ng3
Bf8 14. d4 cxd4 15. cxd4 exd4 16. Nxd4 Bg7 17. b3 d5 $146 ({
È îáðàòèòå âíèìàíèå, êòî èãðàë áåëûìè â ñëåäóþùåé ïàðòèè-ïðåäøåñòâåííèöå -} 
17... Bb7 18. Bb2 Nd7 19. Qd2 Ne5 20. Rad1 Rc8 21. Bb1 Nac6 22. Nxc6 Rxc6 23.
h3 Qh4 24. Ne2 d5 25. f4 Bh6 26. Qd4 $6 (26. exd5 $1 Rc5 27. Bd4 Rcc8 28. Bf2
Qe7 29. Ng3 $16) 26... Bxf4 27. Nxf4 Qxf4 28. Rf1 (28. Kh1 $5) 28... Qh4 $4 (
28... Qg3 $1 29. exd5 Rd6 30. Rd3 Qg5 $13) 29. Qa7 {
(1-0 Caruana,F (2474) - Brunello,S (2460)/Cremona ITA 2006).}) 18. e5 Ng4 19.
f4 {Àáñîëþòíî íå ñòðàøàñü ñëåäóþùåãî õîäà ïðîòèâíèêà -} Nxh2 $6 (19... f6 $1)
20. Ngf5 $1 {Âíåçàïíî è ðåøèòåëüíî!} Bxf5 ({È â ñëó÷àå} 20... gxf5 21. Kxh2
Qh4+ 22. Kg1 {ëèøíÿÿ ïåøêà ÷¸ðíûì íå â óòåøåíèå:} Bf8 $5 {
Íàäåÿñü ÷òî-òî òàì âûòîðãîâàòü äëÿ ñåáÿ, óãðîæàÿ ñâÿçêîé. Íî...} 23. Re3 $1
Qxf4 $140 24. e6 $1 Bc5 (24... fxe6 25. Rxe6 $1) 25. exf7+ Kxf7 26. Re7+ $1
Rxe7 27. Bxf4 Nc6 28. Kh2 $16 {Ê ïðèìåðó,} Bxd4 29. Qh5+ Kg8 30. Rf1 $40) 21.
Bxf5 $16 {Íå ìåíüøå!} Qh4 ({Åñëè} 21... gxf5 {, òî} 22. Nxf5 {
ñ áîëüøèì ïåðåâåñîì, êîòîðûé âïîëíå è î÷åíü áûñòðî ìîæåò ñòàòü è ðåøàþùèì -}
Qd7 23. Qh5 Nf3+ 24. gxf3 Re6 25. Kf2 $1 {, îñâîáîæäàÿ äîðîãó ëàäüå.} Rg6 (
25... Rc8 26. Rh1 h6 27. Rg1 Rg6 28. Rxg6 fxg6 29. Qxg6) 26. Rh1 h6 27. Nxg7 {
è ò.ä.} {(} Kxg7 (27... Rxg7 28. Qxh6 $18) 28. f5 $18 {)}) 22. Bh3 Qg3 23. Kh1
$1 {Ïîñëåäíèå ïðèãîòîâëåíèÿ ê ñáîðó óðîæàÿ.} ({Òîëüêî íå íàäî òîðîïèòüñÿ :} 23.
Re3 $6 Qxf4 24. g3 Nf3+ 25. Nxf3 Qxg3+ 26. Bg2 Rac8 $44) 23... Nc6 {
Ïîñëåäíÿÿ øóòêà ïðèãîâîð¸ííîãî ê êàçíè áûëà õîðîøà...} 24. Nxc6 Nf3 25. Qxf3 ({
×òîáû äàæå íàì¸êà íà ïðîáëåìû, êàê ïîñëå} 25. gxf3 Qxh3+ 26. Kg1 Qg3+ 27. Kf1
d4 $5 {íå áûëî.}) 25... Qxe1+ 26. Kh2 Qe4 ({
Ìîæíî áûëî ïîñòàâèòü ïîñëåäíþþ ëîâóøêó} 26... g5 $5 27. fxg5 $140 $4 (27.
Qxd5 {è ò.ä.}) 27... Bxe5+ 28. Nxe5 Qxe5+ 29. Bf4 Qxa1 {, è âûèãðûâàþò óæå ÷¸
ðíûå. Íî, ðàçóìååòñÿ, â ëîâóøêó ýòî íèêòî áû íå ïîïàëñÿ...}) 27. Bd7 1-0